Style Manual for Communication Studies / (Record no. 2478)

000 -LEADER
fixed length control field 00737nam a2200241 a 4500
003 - CONTROL NUMBER IDENTIFIER
control field PK-NaQUE
005 - DATE AND TIME OF LATEST TRANSACTION
control field 20251212092116.0
008 - FIXED-LENGTH DATA ELEMENTS--GENERAL INFORMATION
fixed length control field 251212b ||||| |||| 00| 0 eng d
020 ## - INTERNATIONAL STANDARD BOOK NUMBER
International Standard Book Number 0072500883 (spiral-bound)
020 ## - INTERNATIONAL STANDARD BOOK NUMBER
International Standard Book Number 9780072500882 (spiral-bound)
040 ## - CATALOGING SOURCE
Transcribing agency QUEST
100 1# - MAIN ENTRY--PERSONAL NAME
Personal name Bourhis, John.
245 10 - TITLE STATEMENT
Title Style Manual for Communication Studies /
250 ## - EDITION STATEMENT
Edition statement 1st ed.
260 ## - PUBLICATION, DISTRIBUTION, ETC. (IMPRINT)
Place of publication, distribution, etc [S.l.] :
Name of publisher, distributor, etc McGraw-Hill Humanities/Social Sciences/Languages,
Date of publication, distribution, etc 2001.
300 ## - PHYSICAL DESCRIPTION
Extent 168 p. ;
650 ## - SUBJECT ADDED ENTRY--TOPICAL TERM
Topical term or geographic name as entry element Communication--Authorship--Style manuals.
700 1# - ADDED ENTRY--PERSONAL NAME
Personal name Adams, Carey.
700 1# - ADDED ENTRY--PERSONAL NAME
Personal name Titsworth, Scott.
700 1# - ADDED ENTRY--PERSONAL NAME
Personal name Harter, Lynn.
856 40 - ELECTRONIC LOCATION AND ACCESS
Uniform Resource Identifier http://10.10.170.122:8080/browse/book/29118
Link text Download eBook
942 ## - ADDED ENTRY ELEMENTS (KOHA)
Koha item type Books
Source of classification or shelving scheme
Holdings
Withdrawn status Lost status Source of classification or shelving scheme Damaged status Not for loan Permanent Location Current Location Date acquired Full call number Barcode Date last seen Koha item type Collection code
          Central Library, QUEST, Nawabshah Central Library, QUEST, Nawabshah 2014-05-12 808.02BOU D366 2014-05-12 Books  
          Reference Section Reference Section 2014-05-12 808.027BOU(Shelf - 96A) D367 2014-05-12 Books Reference

Copyright © 2018,The QUEST, Nawabshah, Shaheed Benazirabad. All rights reserved
Mr. G. Farooq Channar (Librarian) QUEST, Nawabshah, Sindh, Pakistan 67480.
 Ph#: |   0244-9370381-4 Ext. 2308   Email| lib@quest.edu.pk   Web|  http://www.quest.edu.pk